000 02460nas1a22003371i 4500
001 RU\NLR\INFOCOMM6\1000374363
005 20240726022945.0
035 _a(NLR Aleph) 002499858
090 _a2583148
_c2583148
100 _a20031229c1859 |||y0rusy50 ca
101 0 _arus
102 _aRU
110 _aayu||||0|y0
200 1 _aБиблиотека естественных и математических наук
_eСборник, изд. студентами Имп. Московского ун-та
_hОтд.6
_iСельское хозяйство и технология
_iОтд.6
207 1 _aГ.1
210 _aМ.
_d1859
430 0 _12001#$aБиблиотека естественных и математических наук$hОтд.6$iСельское хозяйство
_tБиблиотека естественных и математических наук
801 1 _aRU
_bInfoComm
_c20031229
801 0 _aRU
_bNLR
_gPSBO
852 _aNLR
_j18.58.5.3
852 _aNLR
_j18.17.8.43
852 _aNLR
_j18.39.4.13
942 _cJOURNAL
980 _aRUSPER